[Event "Team Championship Russia (Blitz, Men)"]
[Site "Sochi"]
[Date "2018.10.10"]
[Round "10.5"]
[White "Grachev, Boris"]
[Black "Triapishko, Alexandr"]
[Result "1/2-1/2"]
[BlackElo "2560"]
[WhiteElo "2646"]
[LiveChessVersion "1.4.8"]

1. d4 {[%clk 0:03:03]} d5 {[%clk 0:03:03]} 2. Bf4 {[%clk 0:03:04]} c5
{[%clk 0:03:04]} 3. e3 {[%clk 0:03:05]} Nc6 {[%clk 0:03:05]} 4. c3
{[%clk 0:03:06]} Qb6 {[%clk 0:03:06]} 5. Qc2 {[%clk 0:03:06]} Nf6
{[%clk 0:02:56]} 6. Nd2 {[%clk 0:03:06]} Nh5 {[%clk 0:02:32]} 7. Bg3
{[%clk 0:02:57]} g6 {[%clk 0:02:29]} 8. Ngf3 {[%clk 0:02:54]} Bg7
{[%clk 0:02:25]} 9. Be2 {[%clk 0:02:36]} O-O {[%clk 0:02:12]} 10. O-O
{[%clk 0:02:23]} Nxg3 {[%clk 0:01:53]} 11. hxg3 {[%clk 0:02:24]} cxd4
{[%clk 0:01:23]} 12. exd4 {[%clk 0:02:23]} e5 {[%clk 0:01:10]} 13. dxe5
{[%clk 0:02:19]} Nxe5 {[%clk 0:01:12]} 14. Nxe5 {[%clk 0:02:01]} Bxe5
{[%clk 0:01:12]} 15. Qb3 {[%clk 0:02:02]} Qxb3 {[%clk 0:00:53]} 16. axb3
{[%clk 0:01:35]} Bf6 {[%clk 0:00:50]} 17. Nf3 {[%clk 0:01:33]} Bf5
{[%clk 0:00:29]} 18. Rfd1 {[%clk 0:01:32]} Rfd8 {[%clk 0:00:26]} 19. Nd4
{[%clk 0:01:27]} Be6 {[%clk 0:00:15]} 20. Bf3 {[%clk 0:01:11]} a6
{[%clk 0:00:16]} 21. Rd3 {[%clk 0:01:11]} Rd6 {[%clk 0:00:14]} 22. Rad1
{[%clk 0:01:12]} Rad8 {[%clk 0:00:13]} 23. Ne2 {[%clk 0:01:05]} g5
{[%clk 0:00:06]} 24. g4 {[%clk 0:00:57]} h6 {[%clk 0:00:06]} 25. Nd4
{[%clk 0:00:48]} b6 {[%clk 0:00:05]} 26. b4 {[%clk 0:00:45]} a5 {[%clk 0:00:05]}
27. b5 {[%clk 0:00:38]} Bd7 {[%clk 0:00:05]} 28. Nc6 {[%clk 0:00:23]} Bxc6
{[%clk 0:00:06]} 29. bxc6 {[%clk 0:00:24]} d4 {[%clk 0:00:04]} 30. cxd4
{[%clk 0:00:20]} Kf8 {[%clk 0:00:04]} 31. d5 {[%clk 0:00:12]} Rc8
{[%clk 0:00:05]} 32. Rb3 {[%clk 0:00:11]} Bd8 {[%clk 0:00:06]} 33. Re1
{[%clk 0:00:07]} Bc7 {[%clk 0:00:07]} 34. g3 {[%clk 0:00:07]} Ra8
{[%clk 0:00:07]} 35. Kg2 {[%clk 0:00:04]} Rf6 {[%clk 0:00:07]} 36. Ra1
{[%clk 0:00:04]} Re8 {[%clk 0:00:08]} 37. Rd3 {[%clk 0:00:04]} Ke7
{[%clk 0:00:06]} 38. Re1+ Kd8 39. Rxe8+ {[%clk 0:00:06]} Kxe8 {[%clk 0:00:10]}
40. Rd1 {[%clk 0:00:04]} Ke7 {[%clk 0:00:10]} 41. Re1+ {[%clk 0:00:05]} Kd6
{[%clk 0:00:11]} 42. Re8 {[%clk 0:00:04]} b5 {[%clk 0:00:12]} 43. Ra8
{[%clk 0:00:04]} a4 {[%clk 0:00:11]} 44. Ra6 {[%clk 0:00:03]} Kc5
{[%clk 0:00:13]} 45. Ra7 {[%clk 0:00:04]} Kd6 {[%clk 0:00:12]} 46. Rb7
{[%clk 0:00:05]} Rg6 {[%clk 0:00:06]} 47. Rxb5 Rg8 48. Rb4 {[%clk 0:00:06]} Ra8
{[%clk 0:00:09]} 49. Rb7 {[%clk 0:00:07]} Ra6 {[%clk 0:00:07]} 50. Rb4
{[%clk 0:00:07]} Rb6 {[%clk 0:00:06]} 51. Rxa4 {[%clk 0:00:04]} Rxb2
{[%clk 0:00:08]} 52. Re4 {[%clk 0:00:04]} Bb6 {[%clk 0:00:09]} 53. Re2
{[%clk 0:00:05]} Rxe2 54. Bxe2 Kxc6 {[%clk 0:00:11]} 55. dxc6 {[%clk 0:00:07]} f6
{[%clk 0:00:11]} 1/2-1/2

[Event "Team Championship Russia (Blitz, Men)"]
[Site "Sochi"]
[Date "2018.10.10"]
[Round "10.6"]
[White "Jary, Sergey"]
[Black "Kobalia, Mikhail"]
[Result "0-1"]
[BlackElo "2492"]
[WhiteElo "2305"]
[LiveChessVersion "1.4.8"]

1. d4 {[%clk 0:03:03]} f5 {[%clk 0:03:03]} 2. g3 {[%clk 0:03:04]} Nf6
{[%clk 0:03:04]} 3. Bg2 {[%clk 0:03:05]} g6 {[%clk 0:03:06]} 4. c4
{[%clk 0:03:06]} Bg7 {[%clk 0:03:07]} 5. Nf3 {[%clk 0:03:07]} O-O
{[%clk 0:03:07]} 6. O-O {[%clk 0:03:08]} d6 {[%clk 0:03:09]} 7. Nc3
{[%clk 0:03:08]} Nc6 {[%clk 0:03:10]} 8. Nd5 {[%clk 0:02:56]} e5 {[%clk 0:03:10]}
9. Nxf6+ {[%clk 0:02:57]} Qxf6 {[%clk 0:03:05]} 10. d5 {[%clk 0:02:55]} Ne7
{[%clk 0:02:57]} 11. e4 {[%clk 0:02:50]} h6 {[%clk 0:02:53]} 12. exf5
{[%clk 0:02:37]} gxf5 {[%clk 0:02:51]} 13. Nh4 {[%clk 0:02:30]} f4
{[%clk 0:02:42]} 14. Qh5 {[%clk 0:02:18]} Nf5 {[%clk 0:02:19]} 15. Ng6
{[%clk 0:01:58]} Re8 {[%clk 0:01:51]} 16. gxf4 {[%clk 0:01:48]} e4
{[%clk 0:01:45]} 17. Bh3 {[%clk 0:01:31]} Bd7 {[%clk 0:01:43]} 18. Be3
{[%clk 0:01:22]} Kh7 {[%clk 0:01:43]} 19. Bxf5 {[%clk 0:01:19]} Qxf5
{[%clk 0:01:26]} 20. Qxf5 {[%clk 0:01:15]} Bxf5 {[%clk 0:01:27]} 21. Nh4
{[%clk 0:01:16]} Bg4 {[%clk 0:01:28]} 22. h3 {[%clk 0:01:04]} Bxh3
{[%clk 0:01:26]} 23. Rfe1 {[%clk 0:01:03]} Bf6 {[%clk 0:01:27]} 24. Kh2
{[%clk 0:01:01]} Bg4 {[%clk 0:01:27]} 25. Rg1 {[%clk 0:00:42]} Rg8
{[%clk 0:01:26]} 26. Ng2 {[%clk 0:00:43]} Bf3 {[%clk 0:01:17]} 27. Ne1
{[%clk 0:00:26]} Rxg1 {[%clk 0:01:18]} 28. Kxg1 {[%clk 0:00:28]} Be2
{[%clk 0:01:14]} 29. Rc1 {[%clk 0:00:25]} Rg8+ {[%clk 0:01:14]} 30. Kh2
{[%clk 0:00:26]} b6 {[%clk 0:01:11]} 31. b4 Rd8 {[%clk 0:00:44]} 32. Rc2
{[%clk 0:00:18]} Bg4 {[%clk 0:00:44]} 33. Rc1 {[%clk 0:00:14]} Kg6
{[%clk 0:00:42]} 34. Nc2 {[%clk 0:00:12]} Kf5 {[%clk 0:00:42]} 35. Rg1
{[%clk 0:00:11]} h5 {[%clk 0:00:43]} 36. Bd4 {[%clk 0:00:09]} Rf8
{[%clk 0:00:41]} 37. Kg3 {[%clk 0:00:07]} h4+ {[%clk 0:00:40]} 38. Kh2
{[%clk 0:00:08]} Bxd4 {[%clk 0:00:37]} 39. Nxd4+ {[%clk 0:00:09]} Kxf4
{[%clk 0:00:38]} 40. Re1 {[%clk 0:00:09]} Rf7 {[%clk 0:00:33]} 41. Re3
{[%clk 0:00:10]} Bf3 {[%clk 0:00:32]} 42. Nxf3 {[%clk 0:00:09]} exf3
{[%clk 0:00:32]} 43. Rd3 {[%clk 0:00:09]} Rg7 {[%clk 0:00:32]} 44. Rd4+
{[%clk 0:00:10]} Ke5 {[%clk 0:00:33]} 45. Rxh4 {[%clk 0:00:11]} Rg2+
{[%clk 0:00:34]} 46. Kh3 {[%clk 0:00:13]} Rxf2 {[%clk 0:00:35]} 47. Kg3
{[%clk 0:00:14]} Rxa2 {[%clk 0:00:35]} 48. Kxf3 {[%clk 0:00:16]} Ra3+
{[%clk 0:00:34]} 49. Ke2 {[%clk 0:00:17]} b5 {[%clk 0:00:33]} 50. cxb5
{[%clk 0:00:16]} Kxd5 {[%clk 0:00:34]} 51. Kd2 {[%clk 0:00:17]} a6
{[%clk 0:00:31]} 52. bxa6 {[%clk 0:00:16]} Rxa6 {[%clk 0:00:32]} 53. Kc3
{[%clk 0:00:17]} Ra3+ 54. Kb2 Re3 {[%clk 0:00:33]} 55. Rh7 {[%clk 0:00:18]} c6
{[%clk 0:00:33]} 56. Kc2 {[%clk 0:00:17]} Kc4 {[%clk 0:00:34]} 57. Rc7
{[%clk 0:00:17]} Kb5 {[%clk 0:00:31]} 58. Rb7+ {[%clk 0:00:19]} Ka6
{[%clk 0:00:33]} 59. Rb8 {[%clk 0:00:20]} Re5 {[%clk 0:00:32]} 60. Kc3
{[%clk 0:00:20]} Re7 {[%clk 0:00:30]} 61. Rd8 {[%clk 0:00:21]} d5
{[%clk 0:00:31]} 62. Rb8 {[%clk 0:00:21]} Re4 {[%clk 0:00:29]} 63. Kb3
{[%clk 0:00:20]} Ka7 {[%clk 0:00:29]} 64. Rh8 {[%clk 0:00:21]} Kb6
{[%clk 0:00:30]} 65. Rb8+ {[%clk 0:00:23]} Kc7 {[%clk 0:00:31]} 66. Rh8
{[%clk 0:00:24]} Re3+ {[%clk 0:00:32]} 67. Ka4 {[%clk 0:00:23]} Re1
{[%clk 0:00:33]} 68. Kb3 {[%clk 0:00:22]} Rf1 {[%clk 0:00:32]} 69. Kc3
{[%clk 0:00:23]} Rf3+ {[%clk 0:00:32]} 70. Kc2 {[%clk 0:00:22]} Kd6
{[%clk 0:00:32]} 71. Rh5 {[%clk 0:00:21]} Re3 {[%clk 0:00:31]} 72. Kb2
{[%clk 0:00:20]} d4 {[%clk 0:00:29]} 73. b5 {[%clk 0:00:17]} c5 {[%clk 0:00:27]}
74. Rh6+ {[%clk 0:00:19]} Kd5 75. b6 c4 {[%clk 0:00:27]} 76. Kc2 {[%clk 0:00:18]}
Rb3 {[%clk 0:00:28]} 77. Rh5+ {[%clk 0:00:19]} Kc6 {[%clk 0:00:28]} 78. Rh6+
{[%clk 0:00:20]} Kc5 {[%clk 0:00:29]} 79. Rh5+ {[%clk 0:00:22]} Kxb6
{[%clk 0:00:29]} 80. Rd5 {[%clk 0:00:22]} d3+ 81. Kd2 Kc6 {[%clk 0:00:28]} 82.
Rd8 {[%clk 0:00:26]} Rb2+ {[%clk 0:00:28]} 83. Kc3 {[%clk 0:00:27]} Rc2+
{[%clk 0:00:29]} 84. Kb4 {[%clk 0:00:29]} d2 {[%clk 0:00:30]} 0-1

[Event "Team Championship Russia (Blitz, Men)"]
[Site "Sochi"]
[Date "2018.10.10"]
[Round "10.7"]
[White "Malakhov, Vladimir"]
[Black "Papenin, Nikolai"]
[Result "1-0"]
[BlackElo "2337"]
[WhiteElo "2630"]
[LiveChessVersion "1.4.8"]

1. Nf3 {[%clk 0:03:03]} Nf6 {[%clk 0:03:04]} 2. c4 {[%clk 0:03:04]} g6
{[%clk 0:03:05]} 3. d4 {[%clk 0:03:05]} c5 {[%clk 0:03:06]} 4. d5
{[%clk 0:03:04]} b5 {[%clk 0:03:07]} 5. Qc2 {[%clk 0:03:03]} bxc4
{[%clk 0:03:07]} 6. e4 {[%clk 0:03:04]} d6 {[%clk 0:03:08]} 7. Bxc4
{[%clk 0:03:05]} Bg7 {[%clk 0:03:10]} 8. O-O {[%clk 0:03:03]} O-O
{[%clk 0:03:10]} 9. h3 {[%clk 0:03:01]} Nbd7 {[%clk 0:03:11]} 10. Nc3
{[%clk 0:02:50]} Nb6 {[%clk 0:03:12]} 11. Be2 {[%clk 0:02:51]} e6
{[%clk 0:03:13]} 12. dxe6 {[%clk 0:02:50]} Bxe6 {[%clk 0:03:14]} 13. Be3
{[%clk 0:02:45]} Qe7 {[%clk 0:03:11]} 14. Rad1 {[%clk 0:02:40]} Rac8
{[%clk 0:02:41]} 15. Ba6 {[%clk 0:02:32]} Rb8 {[%clk 0:02:40]} 16. Rfe1
{[%clk 0:02:31]} Nc4 {[%clk 0:02:20]} 17. Bxc4 Bxc4 18. Bf4 {[%clk 0:02:27]} Rb6
{[%clk 0:02:02]} 19. Na4 {[%clk 0:02:18]} Rb4 {[%clk 0:02:03]} 20. Bxd6
{[%clk 0:02:15]} Qe8 {[%clk 0:01:54]} 21. Nxc5 {[%clk 0:02:05]} Nh5
{[%clk 0:01:52]} 22. b3 {[%clk 0:02:02]} Be6 {[%clk 0:01:45]} 23. Nxe6
{[%clk 0:02:01]} 1-0

[Event "Team Championship Russia (Blitz, Men)"]
[Site "Sochi"]
[Date "2018.10.10"]
[Round "10.8"]
[White "Derjabin, Ilja"]
[Black "Motylev, Alexander"]
[Result "0-1"]
[BlackElo "2569"]
[WhiteElo "2356"]
[LiveChessVersion "1.4.8"]

1. d4 {[%clk 0:03:03]} d5 {[%clk 0:03:02]} 2. c4 {[%clk 0:03:03]} c6
{[%clk 0:03:03]} 3. Nf3 {[%clk 0:03:04]} Nf6 {[%clk 0:03:04]} 4. Nc3
{[%clk 0:03:05]} dxc4 {[%clk 0:03:05]} 5. a4 {[%clk 0:03:07]} e6 {[%clk 0:03:06]}
6. e3 {[%clk 0:03:08]} c5 {[%clk 0:03:07]} 7. Bxc4 {[%clk 0:03:07]} Nc6
{[%clk 0:03:04]} 8. O-O {[%clk 0:03:02]} Be7 {[%clk 0:03:05]} 9. dxc5
{[%clk 0:03:02]} Qxd1 {[%clk 0:03:01]} 10. Rxd1 {[%clk 0:03:03]} Bxc5
{[%clk 0:03:00]} 11. a5 {[%clk 0:02:27]} a6 {[%clk 0:02:58]} 12. Na4
{[%clk 0:02:25]} Nxa5 {[%clk 0:02:03]} 13. Bb5+ {[%clk 0:01:26]} axb5
{[%clk 0:01:59]} 14. Nxc5 {[%clk 0:01:27]} b6 {[%clk 0:01:54]} 15. Nd3
{[%clk 0:01:28]} Bb7 {[%clk 0:01:26]} 16. Nd4 {[%clk 0:01:29]} Ke7
{[%clk 0:01:17]} 17. Nxb5 {[%clk 0:01:12]} Nb3 {[%clk 0:01:04]} 18. Rxa8
{[%clk 0:01:09]} Rxa8 {[%clk 0:01:05]} 19. Nd4 {[%clk 0:01:04]} Nxd4
{[%clk 0:00:59]} 20. exd4 {[%clk 0:01:05]} Be4 {[%clk 0:00:54]} 21. Ne5
{[%clk 0:00:55]} Ra1 22. Re1 Rb1 {[%clk 0:00:40]} 23. f3 {[%clk 0:00:58]} Bd5
{[%clk 0:00:35]} 24. b4 {[%clk 0:00:55]} Ke8 {[%clk 0:00:29]} 25. Bd2
{[%clk 0:00:54]} Rb2 {[%clk 0:00:28]} 26. Bc3 {[%clk 0:00:52]} Rc2
{[%clk 0:00:29]} 27. Re3 {[%clk 0:00:38]} Bb7 {[%clk 0:00:27]} 28. Be1
{[%clk 0:00:38]} Ra2 {[%clk 0:00:26]} 29. Rc3 {[%clk 0:00:37]} Nd5
{[%clk 0:00:26]} 30. Rc1 {[%clk 0:00:38]} f6 {[%clk 0:00:26]} 31. Nc4
{[%clk 0:00:39]} Kd7 {[%clk 0:00:26]} 32. Bf2 {[%clk 0:00:32]} Ba6
{[%clk 0:00:21]} 33. Ne3 {[%clk 0:00:25]} Nxb4 {[%clk 0:00:21]} 34. Rb1
{[%clk 0:00:26]} Nd3 {[%clk 0:00:12]} 35. Bg3 {[%clk 0:00:20]} b5
{[%clk 0:00:13]} 36. h4 {[%clk 0:00:20]} h5 {[%clk 0:00:13]} 37. Be1
{[%clk 0:00:10]} Nxe1 {[%clk 0:00:13]} 38. Rxe1 {[%clk 0:00:12]} Bb7
{[%clk 0:00:11]} 39. Rb1 {[%clk 0:00:12]} Bc6 {[%clk 0:00:12]} 40. g4
{[%clk 0:00:13]} Bxf3 {[%clk 0:00:12]} 41. g5 {[%clk 0:00:13]} Bc6
{[%clk 0:00:13]} 42. Rf1 {[%clk 0:00:07]} Ke7 {[%clk 0:00:13]} 43. gxf6+
{[%clk 0:00:07]} gxf6 44. Re1 Kd6 {[%clk 0:00:15]} 45. Nd1 {[%clk 0:00:08]} Rg2+
46. Kf1 Rh2 {[%clk 0:00:16]} 47. Nf2 {[%clk 0:00:11]} Rxh4 {[%clk 0:00:17]} 48.
Rd1 {[%clk 0:00:12]} Bf3 {[%clk 0:00:16]} 49. Rd3 {[%clk 0:00:12]} Bd5
{[%clk 0:00:17]} 50. Ra3 {[%clk 0:00:14]} b4 {[%clk 0:00:17]} 51. Ra6+
{[%clk 0:00:15]} Kc7 {[%clk 0:00:19]} 52. Nd3 {[%clk 0:00:16]} Rxd4
{[%clk 0:00:18]} 53. Nc5 {[%clk 0:00:16]} Bc4+ {[%clk 0:00:19]} 54. Ke1 0-1

[Event "Team Championship Russia (Blitz, Men)"]
[Site "Sochi"]
[Date "2018.10.10"]
[Round "10.9"]
[White "Bocharov, Ivan"]
[Black "Alekseenko, Kirill"]
[Result "1-0"]
[BlackElo "2613"]
[WhiteElo "2667"]
[LiveChessVersion "1.4.8"]

1. e4 {[%clk 0:03:04]} c5 {[%clk 0:03:04]} 2. Nf3 {[%clk 0:03:05]} Nc6
{[%clk 0:03:05]} 3. d4 {[%clk 0:03:06]} cxd4 4. Nxd4 Nf6 {[%clk 0:03:07]} 5. Nc3
{[%clk 0:03:09]} d6 {[%clk 0:03:08]} 6. Bg5 {[%clk 0:03:10]} e6 {[%clk 0:03:10]}
7. Qd2 {[%clk 0:03:11]} a6 {[%clk 0:03:11]} 8. O-O-O {[%clk 0:03:12]} Bd7
{[%clk 0:03:12]} 9. f4 {[%clk 0:03:13]} b5 {[%clk 0:03:13]} 10. Bxf6
{[%clk 0:03:09]} gxf6 {[%clk 0:03:14]} 11. Kb1 {[%clk 0:03:08]} Qb6
{[%clk 0:03:15]} 12. Nf3 {[%clk 0:03:07]} Be7 {[%clk 0:02:43]} 13. f5
{[%clk 0:03:05]} Ne5 {[%clk 0:02:25]} 14. Nxe5 {[%clk 0:03:02]} fxe5
{[%clk 0:02:26]} 15. Qh6 {[%clk 0:03:00]} b4 {[%clk 0:01:42]} 16. fxe6
{[%clk 0:03:00]} fxe6 {[%clk 0:01:40]} 17. Qh5+ {[%clk 0:02:58]} Kd8
{[%clk 0:01:40]} 18. Ne2 {[%clk 0:02:53]} a5 {[%clk 0:01:42]} 19. Nc1
{[%clk 0:02:49]} a4 {[%clk 0:01:43]} 20. Bc4 {[%clk 0:02:43]} a3 {[%clk 0:01:32]}
21. Rhf1 {[%clk 0:02:35]} axb2 {[%clk 0:01:32]} 22. Kxb2 {[%clk 0:02:35]} Bb5
{[%clk 0:01:13]} 23. Qxe5 {[%clk 0:02:29]} Bxc4 {[%clk 0:00:32]} 24. Qxh8+
{[%clk 0:02:29]} Kd7 {[%clk 0:00:34]} 25. Qxa8 {[%clk 0:02:29]} Bxf1
{[%clk 0:00:34]} 26. Rxf1 {[%clk 0:02:30]} Qd4+ {[%clk 0:00:35]} 27. Kb1
{[%clk 0:02:30]} Bf6 {[%clk 0:00:33]} 28. Qb7+ {[%clk 0:02:30]} Kd8
{[%clk 0:00:34]} 29. Rxf6 {[%clk 0:02:29]} Qxf6 {[%clk 0:00:35]} 30. Qxb4
{[%clk 0:02:30]} 1-0

[Event "Team Championship Russia (Blitz, Men)"]
[Site "Sochi"]
[Date "2018.10.10"]
[Round "10.10"]
[White "Alekseev, Evgeny"]
[Black "Bocharov, Dmitry"]
[Result "1-0"]
[BlackElo "2649"]
[WhiteElo "2629"]
[LiveChessVersion "1.4.8"]

1. e4 {[%clk 0:03:02]} g6 {[%clk 0:03:03]} 2. d4 {[%clk 0:03:03]} Bg7
{[%clk 0:03:04]} 3. Nf3 {[%clk 0:03:04]} d6 {[%clk 0:03:05]} 4. Bd3
{[%clk 0:03:05]} Nf6 {[%clk 0:02:56]} 5. O-O {[%clk 0:03:05]} O-O
{[%clk 0:02:56]} 6. Re1 {[%clk 0:03:06]} Nc6 {[%clk 0:02:54]} 7. d5
{[%clk 0:03:07]} Nb4 {[%clk 0:02:42]} 8. Bf1 {[%clk 0:03:08]} c6 {[%clk 0:02:31]}
9. a3 {[%clk 0:02:25]} Na6 {[%clk 0:02:32]} 10. dxc6 {[%clk 0:02:22]} bxc6
{[%clk 0:02:27]} 11. e5 {[%clk 0:02:23]} Nd5 {[%clk 0:02:23]} 12. c4
{[%clk 0:02:19]} Nb6 {[%clk 0:02:06]} 13. exd6 {[%clk 0:02:18]} exd6
{[%clk 0:02:03]} 14. Bg5 {[%clk 0:02:12]} f6 {[%clk 0:01:50]} 15. Bf4
{[%clk 0:02:09]} d5 {[%clk 0:01:50]} 16. Nc3 {[%clk 0:02:03]} dxc4
{[%clk 0:01:12]} 17. Nd2 {[%clk 0:01:52]} g5 {[%clk 0:01:03]} 18. Bg3
{[%clk 0:01:52]} f5 {[%clk 0:00:58]} 19. Be5 {[%clk 0:01:51]} Bxe5
{[%clk 0:00:52]} 20. Rxe5 {[%clk 0:01:52]} Qf6 {[%clk 0:00:52]} 21. Nxc4
{[%clk 0:01:47]} Nc7 {[%clk 0:00:40]} 22. Qd6 {[%clk 0:01:31]} Qxd6
{[%clk 0:00:28]} 23. Nxd6 {[%clk 0:01:32]} Bd7 {[%clk 0:00:23]} 24. Rd1
{[%clk 0:01:20]} Rad8 {[%clk 0:00:22]} 25. Ra5 {[%clk 0:01:11]} Ra8
{[%clk 0:00:21]} 26. a4 {[%clk 0:01:00]} Kg7 {[%clk 0:00:18]} 27. Re5
{[%clk 0:01:01]} Kf6 {[%clk 0:00:17]} 28. Ree1 {[%clk 0:00:56]} Nbd5
{[%clk 0:00:11]} 29. Bc4 {[%clk 0:00:55]} Be6 {[%clk 0:00:11]} 30. Bf1
{[%clk 0:00:43]} Rab8 {[%clk 0:00:09]} 31. Rd2 {[%clk 0:00:44]} Rfd8
{[%clk 0:00:08]} 32. Nc4 {[%clk 0:00:38]} Nxc3 {[%clk 0:00:08]} 33. bxc3
{[%clk 0:00:37]} Rxd2 {[%clk 0:00:08]} 34. Nxd2 {[%clk 0:00:38]} Rb2
{[%clk 0:00:09]} 35. Nf3 {[%clk 0:00:39]} Bd5 {[%clk 0:00:08]} 36. Nd4
{[%clk 0:00:38]} Ne6 {[%clk 0:00:09]} 37. Nxe6 {[%clk 0:00:10]} Bxe6
{[%clk 0:00:10]} 38. f3 {[%clk 0:00:11]} Ra2 {[%clk 0:00:10]} 39. Rb1
{[%clk 0:00:12]} Rxa4 40. Rb7 Ra1 41. Kf2 Ra2+ {[%clk 0:00:10]} 42. Ke1
{[%clk 0:00:17]} h5 {[%clk 0:00:10]} 43. Rc7 {[%clk 0:00:18]} Bd5
{[%clk 0:00:11]} 44. c4 {[%clk 0:00:19]} Be6 {[%clk 0:00:11]} 45. Rxc6
{[%clk 0:00:21]} Ke5 {[%clk 0:00:12]} 46. Rc7 {[%clk 0:00:20]} 1-0

[Event "Team Championship Russia (Blitz, Men)"]
[Site "Sochi"]
[Date "2018.10.10"]
[Round "10.11"]
[White "Khanin, Semen"]
[Black "Usmanov, Vasily"]
[Result "1-0"]
[BlackElo "2446"]
[WhiteElo "2545"]
[LiveChessVersion "1.4.8"]

1. e4 {[%clk 0:03:03]} c5 {[%clk 0:03:04]} 2. Nf3 {[%clk 0:03:03]} Nc6
{[%clk 0:03:05]} 3. d4 {[%clk 0:03:03]} cxd4 {[%clk 0:03:06]} 4. Nxd4
{[%clk 0:03:04]} Nf6 {[%clk 0:03:07]} 5. Nc3 {[%clk 0:03:05]} e5 {[%clk 0:03:08]}
6. Ndb5 {[%clk 0:03:04]} h6 {[%clk 0:03:09]} 7. a4 {[%clk 0:02:47]} d6
{[%clk 0:03:09]} 8. Be2 {[%clk 0:02:27]} Be7 {[%clk 0:03:09]} 9. O-O
{[%clk 0:02:27]} O-O {[%clk 0:02:41]} 10. Be3 {[%clk 0:02:25]} a6
{[%clk 0:02:39]} 11. Na3 {[%clk 0:02:26]} Nb4 {[%clk 0:02:37]} 12. Nc4
{[%clk 0:02:20]} d5 {[%clk 0:02:21]} 13. Bb6 {[%clk 0:01:26]} Qd7
{[%clk 0:02:05]} 14. exd5 {[%clk 0:01:24]} Nfxd5 {[%clk 0:01:54]} 15. Nxd5
{[%clk 0:01:05]} Qxd5 {[%clk 0:01:50]} 16. c3 {[%clk 0:01:04]} Qxd1
{[%clk 0:01:48]} 17. Rfxd1 {[%clk 0:01:03]} Nc6 {[%clk 0:01:49]} 18. Bf3
{[%clk 0:01:04]} Be6 {[%clk 0:01:48]} 19. Bd5 {[%clk 0:00:56]} Bxd5
{[%clk 0:01:26]} 20. Rxd5 {[%clk 0:00:57]} f6 {[%clk 0:01:26]} 21. Rad1
{[%clk 0:00:57]} Bd8 {[%clk 0:01:18]} 22. Bc5 {[%clk 0:00:54]} Rf7
{[%clk 0:01:16]} 23. Rd7 {[%clk 0:00:45]} Rxd7 {[%clk 0:01:06]} 24. Rxd7
{[%clk 0:00:46]} b5 {[%clk 0:01:08]} 25. Nd6 {[%clk 0:00:39]} bxa4
{[%clk 0:01:07]} 26. Nf5 {[%clk 0:00:40]} Rb8 {[%clk 0:00:56]} 27. Rxg7+
{[%clk 0:00:40]} Kh8 {[%clk 0:00:58]} 28. h4 {[%clk 0:00:34]} Rb5
{[%clk 0:00:49]} 29. Bf8 {[%clk 0:00:31]} e4 {[%clk 0:00:43]} 30. Nd6
{[%clk 0:00:31]} Ne5 {[%clk 0:00:34]} 31. Nxb5 {[%clk 0:00:30]} axb5
{[%clk 0:00:35]} 32. Rb7 {[%clk 0:00:30]} Kg8 {[%clk 0:00:23]} 33. Bxh6
{[%clk 0:00:29]} Kh8 {[%clk 0:00:18]} 34. Rxb5 {[%clk 0:00:24]} Kh7
{[%clk 0:00:15]} 35. Be3 {[%clk 0:00:24]} Kg6 {[%clk 0:00:15]} 36. Rb4
{[%clk 0:00:24]} Nd3 {[%clk 0:00:16]} 37. Rxa4 {[%clk 0:00:24]} Kf5
{[%clk 0:00:16]} 38. b4 {[%clk 0:00:23]} Bc7 {[%clk 0:00:17]} 39. Ra7
{[%clk 0:00:23]} Be5 {[%clk 0:00:18]} 40. h5 {[%clk 0:00:21]} Bxc3
{[%clk 0:00:18]} 41. h6 {[%clk 0:00:22]} Kg6 {[%clk 0:00:19]} 42. h7
{[%clk 0:00:19]} f5 {[%clk 0:00:21]} 43. b5 {[%clk 0:00:20]} f4 {[%clk 0:00:21]}
44. Bd2 {[%clk 0:00:18]} Bd4 {[%clk 0:00:22]} 45. Rd7 {[%clk 0:00:18]} Be5
{[%clk 0:00:04]} 46. b6 {[%clk 0:00:19]} f3 {[%clk 0:00:05]} 47. gxf3
{[%clk 0:00:19]} Nc5 {[%clk 0:00:06]} 48. Rd5 {[%clk 0:00:19]} Nd3
{[%clk 0:00:07]} 49. Rxe5 Nxe5 {[%clk 0:00:07]} 50. h8=Q {[%clk 0:00:19]} 1-0

[Event "Team Championship Russia (Blitz, Men)"]
[Site "Sochi"]
[Date "2018.10.10"]
[Round "10.12"]
[White "Romanov, Evgeny"]
[Black "Kezin, Roman"]
[Result "0-1"]
[BlackElo "2575"]
[WhiteElo "2523"]
[LiveChessVersion "1.4.8"]

1. c4 {[%clk 0:03:04]} e6 {[%clk 0:03:04]} 2. g3 {[%clk 0:03:05]} d5
{[%clk 0:03:04]} 3. Bg2 {[%clk 0:03:06]} Nf6 {[%clk 0:03:05]} 4. d4
{[%clk 0:03:07]} Be7 {[%clk 0:03:05]} 5. Nf3 {[%clk 0:03:06]} O-O
{[%clk 0:03:05]} 6. Qc2 {[%clk 0:03:07]} c5 {[%clk 0:03:04]} 7. dxc5
{[%clk 0:03:06]} d4 {[%clk 0:02:44]} 8. O-O {[%clk 0:03:06]} Nc6 {[%clk 0:02:44]}
9. Nbd2 {[%clk 0:03:03]} e5 {[%clk 0:02:24]} 10. Ng5 {[%clk 0:03:04]} Bxc5
{[%clk 0:02:15]} 11. Nde4 {[%clk 0:03:04]} Nxe4 {[%clk 0:02:09]} 12. Qxe4
{[%clk 0:02:58]} g6 {[%clk 0:01:44]} 13. Qh4 {[%clk 0:02:25]} h5 {[%clk 0:01:44]}
14. Ne4 {[%clk 0:02:00]} Be7 {[%clk 0:01:12]} 15. Bg5 {[%clk 0:02:01]} Bxg5
{[%clk 0:00:51]} 16. Nxg5 {[%clk 0:02:01]} Kg7 {[%clk 0:00:44]} 17. f4
{[%clk 0:01:54]} f6 {[%clk 0:00:44]} 18. Ne4 {[%clk 0:01:49]} f5 {[%clk 0:00:45]}
19. Qxd8 {[%clk 0:01:14]} Rxd8 {[%clk 0:00:46]} 20. Ng5 {[%clk 0:01:15]} e4
{[%clk 0:00:46]} 21. Rfd1 {[%clk 0:01:16]} a5 {[%clk 0:00:40]} 22. Rd2
{[%clk 0:01:12]} Kf6 {[%clk 0:00:38]} 23. h3 {[%clk 0:01:07]} Be6
{[%clk 0:00:31]} 24. Rc1 {[%clk 0:00:58]} Bg8 {[%clk 0:00:28]} 25. g4
{[%clk 0:00:58]} a4 {[%clk 0:00:28]} 26. gxh5 {[%clk 0:00:56]} gxh5
{[%clk 0:00:28]} 27. h4 {[%clk 0:00:40]} Na5 {[%clk 0:00:26]} 28. Rdc2
{[%clk 0:00:34]} Rac8 {[%clk 0:00:26]} 29. Bh3 {[%clk 0:00:26]} Rxc4
{[%clk 0:00:26]} 30. Rxc4 {[%clk 0:00:26]} Bxc4 {[%clk 0:00:21]} 31. Kf2
{[%clk 0:00:26]} d3 {[%clk 0:00:16]} 32. exd3 {[%clk 0:00:27]} exd3
{[%clk 0:00:17]} 33. Nf3 {[%clk 0:00:23]} Rd5 {[%clk 0:00:07]} 34. a3
{[%clk 0:00:16]} Bb3 {[%clk 0:00:05]} 35. Nd2 {[%clk 0:00:15]} Bc2
{[%clk 0:00:07]} 36. Rg1 {[%clk 0:00:14]} Nb3 {[%clk 0:00:07]} 37. Ke3
{[%clk 0:00:14]} Rd7 {[%clk 0:00:05]} 38. Nxb3 {[%clk 0:00:15]} axb3 39. Kd2 Re7
{[%clk 0:00:07]} 40. Bf1 {[%clk 0:00:18]} Re4 {[%clk 0:00:06]} 41. Rg5
{[%clk 0:00:16]} Rxf4 42. Bg2 {[%clk 0:00:13]} Rf2+ {[%clk 0:00:08]} 43. Kc3
{[%clk 0:00:13]} d2 {[%clk 0:00:08]} 44. Kd4 Ke5+ 0-1